Sports Quiz

Random Sports or World Cup Quiz
Score 0/36 Timer 08:00
32 Plays Today
No. of players Club % Correct
14Manchester United
98.4%
13Barcelona
97.2%
12Real Madrid
96.6%
12Chelsea
96.1%
14Bayern Munich
95.8%
10Manchester City
95.5%
10Arsenal
93.9%
10Liverpool
93%
8AC Milan
93%
12Juventus
92.2%
10Paris Saint-Germain
89.4%
8Internazionale
88.8%
9Atlético Madrid
85.6%
6Borussia Dortmund
82.8%
5AS Roma
82.3%
6Tottenham Hotspur
82.1%
9FC Porto
81.6%
12Napoli
78.1%
No. of players Club % Correct
6Everton
77.4%
8Zenit St. Petersburg
68.9%
5Benfica
67%
6CSKA Moscow
63.9%
7Lazio Roma
62.6%
5Valencia
60.8%
5Galatasaray
60.4%
7Schalke 04
57.3%
6Newcastle United
54.1%
6FC Basel
52.7%
5Olympiakos
51.8%
5Fenerbahçe
51.6%
7Southampton
50.4%
7VfL Wolfsburg
45.7%
5Feyenoord
44%
7Dynamo Moscow
27.1%
5Parma
22.8%
5FSV Mainz 05
12.4%

You're not logged in!

Compare scores with friends on all Sporcle quizzes.
OR
Log In

Sporcle TV

Today on Sporcle TV


Watch our educational content, quiz creation guides, and fun videos on Sporcle TV.

Show Comments

Extras

Top Quizzes Today


Score Distribution

Paid Content

Your Account Isn't Verified!

In order to create a playlist on Sporcle, you need to verify the email address you used during registration. Go to your Sporcle Settings to finish the process.

Report this User

Report this user for behavior that violates our Community Guidelines.

Details: